<?xml version="1.0" encoding="UTF-8"?>
<record
    xmlns:xsi="http://www.w3.org/2001/XMLSchema-instance"
    xsi:schemaLocation="http://www.loc.gov/MARC21/slim http://www.loc.gov/standards/marcxml/schema/MARC21slim.xsd"
    xmlns="http://www.loc.gov/MARC21/slim">

  <leader>00375nam a22001577a 4500</leader>
  <controlfield tag="003">SGT</controlfield>
  <datafield tag="020" ind1=" " ind2=" ">
    <subfield code="a">9781498796507</subfield>
  </datafield>
  <datafield tag="082" ind1=" " ind2=" ">
    <subfield code="a">617</subfield>
    <subfield code="b">B18W</subfield>
  </datafield>
  <datafield tag="100" ind1=" " ind2=" ">
    <subfield code="a">WILLIAMS, NORMAN S.</subfield>
  </datafield>
  <datafield tag="245" ind1=" " ind2=" ">
    <subfield code="a">BAILEY &amp; LOVE'S SHORT PRACTICE OF SURGERY 2 VOLUME SET </subfield>
  </datafield>
  <datafield tag="250" ind1=" " ind2=" ">
    <subfield code="a">27TH</subfield>
  </datafield>
  <datafield tag="260" ind1=" " ind2=" ">
    <subfield code="a">NEW YORK</subfield>
    <subfield code="b">CRC PRESS</subfield>
    <subfield code="c">2018</subfield>
  </datafield>
  <datafield tag="300" ind1=" " ind2=" ">
    <subfield code="a">797,1610</subfield>
  </datafield>
  <datafield tag="650" ind1=" " ind2=" ">
    <subfield code="a">SURGERY</subfield>
  </datafield>
  <datafield tag="942" ind1=" " ind2=" ">
    <subfield code="2">ddc</subfield>
    <subfield code="c">BK</subfield>
    <subfield code="0">29</subfield>
  </datafield>
  <datafield tag="952" ind1=" " ind2=" ">
    <subfield code="0">0</subfield>
    <subfield code="1">0</subfield>
    <subfield code="2">ddc</subfield>
    <subfield code="4">0</subfield>
    <subfield code="7">0</subfield>
    <subfield code="8">MEDICAL</subfield>
    <subfield code="a">FM</subfield>
    <subfield code="b">FM</subfield>
    <subfield code="c">REF</subfield>
    <subfield code="d">2021-04-02</subfield>
    <subfield code="e">ABC DELHI</subfield>
    <subfield code="g">10730.00</subfield>
    <subfield code="h">VOLUME-I</subfield>
    <subfield code="i">SGTU</subfield>
    <subfield code="l">15</subfield>
    <subfield code="m">1</subfield>
    <subfield code="o">617 B18W</subfield>
    <subfield code="p">FM12429</subfield>
    <subfield code="r">2026-04-13 00:00:00</subfield>
    <subfield code="s">2026-03-31</subfield>
    <subfield code="w">2021-02-19</subfield>
    <subfield code="y">BK</subfield>
    <subfield code="k">12725</subfield>
  </datafield>
  <datafield tag="952" ind1=" " ind2=" ">
    <subfield code="0">0</subfield>
    <subfield code="1">0</subfield>
    <subfield code="2">ddc</subfield>
    <subfield code="4">0</subfield>
    <subfield code="7">0</subfield>
    <subfield code="8">MEDICAL</subfield>
    <subfield code="a">FM</subfield>
    <subfield code="b">FM</subfield>
    <subfield code="c">REF</subfield>
    <subfield code="d">2021-04-02</subfield>
    <subfield code="e">ABC DELHI</subfield>
    <subfield code="g">10730.00</subfield>
    <subfield code="h">VOLUME-I</subfield>
    <subfield code="i">SGTU</subfield>
    <subfield code="l">29</subfield>
    <subfield code="o">617 B18W</subfield>
    <subfield code="p">FM12430</subfield>
    <subfield code="r">2026-05-04 00:00:00</subfield>
    <subfield code="s">2026-04-28</subfield>
    <subfield code="w">2021-02-19</subfield>
    <subfield code="y">BK</subfield>
    <subfield code="k">12725</subfield>
  </datafield>
  <datafield tag="952" ind1=" " ind2=" ">
    <subfield code="0">0</subfield>
    <subfield code="1">0</subfield>
    <subfield code="2">ddc</subfield>
    <subfield code="4">0</subfield>
    <subfield code="7">0</subfield>
    <subfield code="8">MEDICAL</subfield>
    <subfield code="a">FM</subfield>
    <subfield code="b">FM</subfield>
    <subfield code="c">REF</subfield>
    <subfield code="d">2021-04-02</subfield>
    <subfield code="e">ABC DELHI </subfield>
    <subfield code="h">VOLUME-II</subfield>
    <subfield code="i">SGTU</subfield>
    <subfield code="l">1</subfield>
    <subfield code="o">617 B18W</subfield>
    <subfield code="p">FM12431</subfield>
    <subfield code="r">2025-07-02 00:00:00</subfield>
    <subfield code="s">2022-06-10</subfield>
    <subfield code="w">2021-02-19</subfield>
    <subfield code="y">BK</subfield>
    <subfield code="k">12725</subfield>
  </datafield>
  <datafield tag="952" ind1=" " ind2=" ">
    <subfield code="0">0</subfield>
    <subfield code="1">0</subfield>
    <subfield code="2">ddc</subfield>
    <subfield code="4">0</subfield>
    <subfield code="7">0</subfield>
    <subfield code="8">MEDICAL</subfield>
    <subfield code="a">FM</subfield>
    <subfield code="b">FM</subfield>
    <subfield code="c">REF</subfield>
    <subfield code="d">2021-04-02</subfield>
    <subfield code="e">ABC DELHI </subfield>
    <subfield code="h">VOLUME-II</subfield>
    <subfield code="i">SGTU</subfield>
    <subfield code="l">11</subfield>
    <subfield code="m">2</subfield>
    <subfield code="o">617 B18W</subfield>
    <subfield code="p">FM12432</subfield>
    <subfield code="r">2025-10-30 00:00:00</subfield>
    <subfield code="s">2025-10-14</subfield>
    <subfield code="w">2021-02-19</subfield>
    <subfield code="y">BK</subfield>
    <subfield code="k">12725</subfield>
  </datafield>
  <datafield tag="999" ind1=" " ind2=" ">
    <subfield code="c">21005</subfield>
    <subfield code="d">21005</subfield>
  </datafield>
</record>
